|
|
|
|
| LEADER |
00000nam0a2200000 4500 |
| 001 |
96511 |
| 005 |
20231031110600.0 |
| 010 |
|
|
|a 5469004686
|
| 035 |
|
|
|a (RuTPU)RU\TPU\book\103326
|
| 090 |
|
|
|a 96511
|
| 100 |
|
|
|a 20060515d2005 m y0rusy50 ca
|
| 101 |
0 |
|
|a rus
|
| 102 |
|
|
|a RU
|
| 105 |
|
|
|a a j 001zy
|
| 200 |
1 |
|
|a C++
|f А. Б. Крупник
|
| 210 |
|
|
|a СПб.
|c Питер
|d 2005
|
| 215 |
|
|
|a 252 с.
|c ил.
|
| 225 |
1 |
|
|a Самоучитель
|
| 333 |
|
|
|a Исключено из фонда НТБ ТПУ
|
| 700 |
|
1 |
|a Крупник
|b А. Б.
|g Александр Борисович
|
| 801 |
|
1 |
|a RU
|b 63413507
|c 20060515
|g PSBO
|
| 801 |
|
2 |
|a RU
|b 63413507
|c 20210930
|g PSBO
|
| 942 |
|
|
|c BK
|
| 959 |
|
|
|a 28/20060512
|d 2
|e 99,88
|f АНЛ:1
|f ЧЗТЛ:1
|